| 000 | 00618pam a2200229 a 4500 | ||
|---|---|---|---|
| 001 | 1493039 | ||
| 005 | 20180131081708.0 | ||
| 008 | 880616s1988 enka b 001 0 eng | ||
| 010 | _a 88019634 | ||
| 020 |
_a0198538154 : _c$55.00 (U.S.) |
||
| 020 |
_a019853759X (pbk.) : _c$27.50 (U.S.) |
||
| 040 |
_aDLC _cDLC _dDLC |
||
| 041 | _aeng | ||
| 080 | _a004.11 LAZ | ||
| 082 | 0 | 0 |
_a004.11 LAZ _219 |
| 100 | 1 | _a28 | |
| 101 | _aSHK | ||
| 245 | 1 | 0 |
_aSupercomputers and their use / _cChristopher Lazou. |
| 504 | _aBibliography: p. 249-253. | ||
| 906 |
_a7 _bcbc _corignew _d1 _eocip _f19 _gy-gencatlg |
||
| 942 |
_2ddc _cBK |
||
| 999 |
_c41402 _d41402 |
||